|
|
|
|
| LEADER |
00000nam a2200000 i 4500 |
| 001 |
1/82831 |
| 008 |
980925s1985 eng d |
| 020 |
|
|
|a 0-471-80815-6
|
| 035 |
|
|
|l 10034044
|
| 035 |
|
|
|a 1988
|b 3
|c Ανθουλιάς
|
| 040 |
|
|
|a GR-MY-UA
|b gre
|e aacr
|
| 041 |
0 |
|
|a eng
|
| 082 |
0 |
|
|a 003.52
|2 (19)
|
| 100 |
1 |
|
|a Watanabe, Satoshi
|d 1910-
|
| 245 |
1 |
0 |
|a Pattern recognition :
|b human and mechanical /
|c Satosi Watanabe
|
| 260 |
|
|
|a New York :
|b Wiley,
|c c1985
|
| 300 |
|
|
|a xv, 570 p.;
|b ill.;
|c 24 cm
|
| 500 |
|
|
|a "A Wiley-Interscience publication."
|
| 504 |
|
|
|a Βιβλιογραφία: σ. 539-559
|
| 504 |
|
|
|a Περιέχει ευρετήριο
|
| 650 |
0 |
0 |
|a Pattern perception.
|
| 852 |
|
|
|a INST
|b RHODES
|e 19980925
|h 003.52 WAT
|p 005400003052
|q 005400003052
|t BK
|y 0
|
| 909 |
|
|
|a Ρ
|b 011928
|c 1988
|